| 000 | 00851cam a2200229 a 4500 | ||
|---|---|---|---|
| 001 | 12232608 | ||
| 003 | ARRUPE | ||
| 005 | 20160121123321.0 | ||
| 008 | 001116s1892 sa a 000 1 eng | ||
| 010 | _a 2001345302 | ||
| 040 |
_aDLC _cDLC |
||
| 043 | _af-sa--- | ||
| 050 | 0 | 0 |
_aPR9369.2.C68 _bM59 1892 |
| 100 | 1 |
_aCouper, J. R. _921692 |
|
| 245 | 1 | 0 |
_aMixed humanity : _ba story of camp life in South Africa / _cby J.R. Couper ; illustrated by Irving Montagu. |
| 260 |
_aCape Colony, South Africa : _bJ.C. Juta & Co. ; _aEastern Province : _bImpey, Walton & Co. ; _aNatal : _bP. Davis & Sons ; _aLondon : _bW.H. Allen, _c1892. |
||
| 300 |
_a400 p. : _bill. ; _c19 cm. |
||
| 651 | 0 |
_aSouth Africa _vFiction. _921693 |
|
| 906 |
_a7 _bcbc _corignew _d3 _encip _f20 _gy-gencatlg |
||
| 942 |
_2lcc _cSPC |
||
| 999 |
_c123996 _d123996 |
||